All Major wars of 1900s - Statistics

General Stats
  • This quiz has been taken 46 times
  • The average score is 11 of 54
Answer Stats
Hint Answer % Correct
1914-1918 Global World War 1
86%
1939-1945 Globaly World War 2
79%
1950-1953 East Asia Korean War
69%
1955-1974 Southeast Asia Vietnam War
62%
1899-1902 China Boxer Rebellion
48%
1917-1922 Eastern Europe Russian Civil War
41%
1927-1950 China Chinese Civil War
38%
1990-1991 Middle East Gulf War
34%
1967 Middle East Six Day War
34%
1912-1913 Balkans First Balkan War
31%
1980-1988 Middle East Iran-Iraq War
31%
1913 Balkans Second Balkan War
31%
1899-1902 South Africa Second Boer War
31%
1991-2001 Balkans Yugoslav Wars
31%
1904-1905 Korea Russo-Japanese War
28%
1936-1939 Southern Europe Spanish Civil War
28%
1946-1949 Balkans Greek Civil War
24%
1964-1979 Southern Africa Rhodesian Bush War
24%
1937-1945 China Second Sino-Japanese War
21%
1979-1989 Central Asia Soviet Afghan War
21%
1919-1923 Anatollia Turkish War of Independence
21%
1960-1965 Central Africa Congo Crisis
17%
1996-1997 Central Africa First Congo War
17%
1910-1920 North America Mexican Revolution
17%
1998-2003 Central Africa Second Congo War
17%
1939-1940 Northern Europe Winter War
17%
1954-1962 North Africa Algerian War
14%
1932-1935 South America Chaco War
14%
1956 Central Europe Hungarian Revolution
14%
1991-Present East Africa Somali Civil War
14%
1971 South Asia Bangladesh Liberation War
10%
1916 Western Europe Easter Rising
10%
1974-1991 East Africa Ethiopian Civil War
10%
1946-1954 Southeast Asia First Indochina War
10%
1943-1945 Southern Europe Italian Civil War
10%
1911-1912 North Africa Italo-Turkish War
10%
1996-2001 Central Asia Afghan Civil War
7%
1916-1919 Middle East Arab Revolt
7%
1941-1944 Northern Europe Continuation War
7%
1945-1949 Southeast Asia Indonesian National Revolution
7%
1939 Balkans Invasion of Albania
7%
1919-1921 Eastern Europe Polish-Soviet War
7%
1961-1974 Central/Southern Africa Portuguese Colonial Wars
7%
1935-1937 East Africa Second Italo-Ethiopian War
7%
1911 China Xinhai Revolution
7%
1941 Middle East Anglo-Iraqi War
3%
1941 South America Ecuadorian-Peruvian War
3%
1948-1949 Middle East First Arab-Israeli War
3%
1931-1932 China Invasion of Manchuria
3%
1999-2009 Central Asia Second Chechen War
3%
1926-1928 China Northern Expidition
0%
1899-1902 Southeast Asia Philippine-American War
0%
1940 Eastern Europe Soviet Occupation of Baltics
0%
1940 Balkans Soviet Occupation of Bessarabia and Bucovina
0%
No matching quizzes found
Score Distribution
Percent of People with Each Score
Percentile by Number Answered
Your Score History
You have not taken this quiz